Statistics for Top 5 Brooklyn Nets Players Per Position

Click here to take the quiz!

General Stats

  • This quiz has been taken 20 times
    (5 since last reset)
  • The average score is 14 of 25

Answer Stats

Position # Player WS % Correct
SF1Julius Erving51.8
100%
PG1Jason Kidd56.6
100%
PF1Buck Williams62.8
80%
PG3Deron Williams24.6
80%
SG2Vince Carter43.6
80%
C1Brook Lopez49.6
80%
PF4Kenyon Martin20.7
80%
SF2Richard Jefferson50.6
80%
PF3Keith Van Horn23.2
80%
PF2Derrick Coleman35.9
80%
C4Jarrett Allen20.0
60%
SG1Kerry Kittles44.6
60%
SF4Rick Barry19.1
60%
C3Mike Gminski34.4
40%
C2Billy Paultz35.5
40%
C5Jason Collins19.1
40%
SF5Albert King16.3
40%
PG2Bill Melchionni27.9
40%
SG5Lucious Harris20.1
40%
SG3Kendall Gill21.8
40%
PG4Kenny Anderson23.0
40%
SF3Chris Morris30.3
20%
PF5Armen Gilliam20.2
0%
SG4John Williamson21.4
0%
PG5Brian Taylor22.0
0%

Score Distribution

Percentile by Number Answered

Percent of People with Each Score

Your Score History

You have not taken this quiz since the last reset